000 00725nam a2200253Ia 4500
003 OSt
005 20220926010626.0
006 a|||||r|||| 00| 0
007 ta
008 220923b |||||||| |||| 00| 0 eng d
020 _a0300035500
037 _cGeneral Book
040 _aRTL
_cRTL
_beng
041 _2eng
_aeng
082 _aY73(Q72).1(Q7).N8, M6
100 _aCole Juan R I
_9312647
245 0 _aShiism and Social Protest
260 _aNew Haven
_bYale University Press
_c1986
300 _ax, 325p
_ccm.
650 _aMuslims
_926356
700 _a Keddie Nikki R Ed.
942 _hY73(Q72).1(Q7).N8, M6
_cGB
_2CC
999 _c617806
_d617806